00366 a2200109 4500001001000000005001700010008004100027245007700068100002200145773007200167999001700239ART_1168320260410161859.0260409a 10aA note on income tax evasion, labor supply , and nonlinear tax schedules1 aPencavel, John H.0 tJournal of public economicsg- Vol. 12, NÂș 1 (ago. 1979)wREV11485 c25734d25734